Welcome to the Holygrace Academy Library

Please use search bar below to get started

PADANAM PAREEKSHANANGALILOODE (Record no. 1184)

MARC details
000 -LEADER
fixed length control field 00401nam a22001577a 4500
082 ## - DEWEY DECIMAL CLASSIFICATION NUMBER
Classification number 894-812
Item number SIV/P
100 ## - MAIN ENTRY--AUTHOR NAME
Personal name SIVADAS S
245 ## - TITLE STATEMENT
Title PADANAM PAREEKSHANANGALILOODE
Remainder of title INVENTIONS
246 ## - VARYING FORM OF TITLE
Title proper/short title PADANAM PAREEKSHANANGALILOODE
Remainder of title INVENTIONS
260 ## - PUBLICATION, DISTRIBUTION, ETC. (IMPRINT)
Place of publication KOTTAYAM
Name of publisher DC BOOKS
Year of publication `2006
300 ## - PHYSICAL DESCRIPTION
Number of Pages 74
500 ## - GENERAL NOTE
General note STUDY THROUGH INVENTIONS
520 ## - SUMMARY, ETC.
Summary, etc INVENTIONS
650 ## - SUBJECT ADDED ENTRY--TOPICAL TERM
Topical Term INVENTIONS
942 ## - ADDED ENTRY ELEMENTS (KOHA)
Koha item type Books
Holdings
Withdrawn status Lost status Collection code Home library Current library Shelving location Date acquired Source of acquisition Cost, normal purchase price Full call number Accession Number Koha item type
    Non-fiction Main Library Main Library SHELF 6 B MALAYALAM QUIZ,RIDDLES,HUMOUR,PAZHAMCHOLLUKAL 02/02/2013 Purchase 45.00 894-812 SIV/P 07172 Books